Adolescence is not an illness. (Record no. 14757)

000 -LEADER
fixed length control field 00609nam a2200205 a 4500
001 - CONTROL NUMBER
control field :::00012591$&:&@@
003 - CONTROL NUMBER IDENTIFIER
control field OkBaRHE
005 - DATE AND TIME OF LATEST TRANSACTION
control field 20090505201001.0
008 - FIXED-LENGTH DATA ELEMENTS--GENERAL INFORMATION
fixed length control field s1980 j 000 0 eng u
040 ## - CATALOGING SOURCE
Transcribing agency
100 1# - MAIN ENTRY--PERSONAL NAME
Personal name Narramore, Bruce.
245 10 - TITLE STATEMENT
Title Adolescence is not an illness.
260 ## - PUBLICATION, DISTRIBUTION, ETC. (IMPRINT)
Place of publication, distribution, etc Old Tappan, NJ., :
Name of publisher, distributor, etc Fleming H. Revell
Date of publication, distribution, etc c1980
300 ## - PHYSICAL DESCRIPTION
Extent 176 p. : illus. ;
Dimensions 24 cm.
650 ## - SUBJECT ADDED ENTRY--TOPICAL TERM
Topical term or geographic name as entry element Adolescence
650 ## - SUBJECT ADDED ENTRY--TOPICAL TERM
Topical term or geographic name as entry element Adolescent Psychology
650 ## - SUBJECT ADDED ENTRY--TOPICAL TERM
Topical term or geographic name as entry element Parenting
942 ## - ADDED ENTRY ELEMENTS (KOHA)
Source of classification or shelving scheme
Koha item type Books
Copies
Copy number Barcode Damaged status Date last seen Shelving location Price effective from Not for loan Date acquired Full call number Permanent Location Koha item type Source of classification or shelving scheme Lost status Withdrawn status
112591 2010-04-14General Stacks2010-04-14 2010-04-14HQ 793 .N37RHEMA Bible Training CollegeBooks